Региональный потребительский рынок. Проблемы теории и практики

Dades bibliogràfiques
Autor principal: Новоселов А. С. Александр Сергеевич
Autor corporatiu: Российская академия наук (РАН) Сибирское отделение (СО) Институт экономики и организации промышленного производства (ИЭОПП)
Altres autors: Кулешов В. В. (редактор)
Sumari:Монография подготовлена на основе исследования развития регионального потребительского рынка и рыночной инфраструктуры. Рассматриваются теории и концепции регионального потребительского рынка, методы его комплексного исследования, принципы анализа и прогнозирования рыночных процессов, проблемы развития сферы обращения, конкурентной среды, рыночной инфраструктуры в регионе. Освещены проблемы формирования внешних экономических связей и государственного регулирования потребительского рынка на региональном уровне. Книга предназначена для широкого круга специалистов, занимающихся научной, преподавательской и управленческой деятельностью, и может использоваться в качестве учебного пособия для студентов и аспирантов экономических вузов и факультетов.
Idioma:rus
Publicat: Новосибирск, Сибирское соглашение, 2002
Matèries:
Format: MixedMaterials Llibre
KOHA link:https://koha.lib.tpu.ru/cgi-bin/koha/opac-detail.pl?biblionumber=91269

MARC

LEADER 00000nam0a2200000 4500
001 91269
005 20231031103957.0
010 |a 5980290036 
035 |a (RuTPU)RU\TPU\book\97853 
090 |a 91269 
100 |a 20060221d2002 k y0rusy50 ca 
101 0 |a rus 
102 |a RU 
105 |a y z 001zy 
200 1 |a Региональный потребительский рынок. Проблемы теории и практики  |f А. С. Новоселов  |g Сибирское отделение РАН; Институт экономики и организации промышленного производства; отв. ред. В. В. Кулешов 
210 |a Новосибирск  |c Сибирское соглашение  |d 2002 
215 |a 362 с. 
320 |a Библиогр.: с. 352-361. 
330 |a Монография подготовлена на основе исследования развития регионального потребительского рынка и рыночной инфраструктуры. Рассматриваются теории и концепции регионального потребительского рынка, методы его комплексного исследования, принципы анализа и прогнозирования рыночных процессов, проблемы развития сферы обращения, конкурентной среды, рыночной инфраструктуры в регионе. Освещены проблемы формирования внешних экономических связей и государственного регулирования потребительского рынка на региональном уровне. Книга предназначена для широкого круга специалистов, занимающихся научной, преподавательской и управленческой деятельностью, и может использоваться в качестве учебного пособия для студентов и аспирантов экономических вузов и факультетов. 
610 1 |a экономика 
610 1 |a Россия 
610 1 |a регионы 
610 1 |a региональная экономика 
610 1 |a потребление 
610 1 |a потребительский рынок 
610 1 |a формирование 
610 1 |a теория 
610 1 |a региональные рынки 
610 1 |a комплексные исследования 
610 1 |a сфера обращения 
610 1 |a товары 
610 1 |a услуги 
610 1 |a внешнеэкономические связи 
610 1 |a государственное регулирование 
686 |a У04(2Р)  |v LBC/SL-A  |2 rubbk 
686 |a У9(2...)  |v LBC/SL-A  |2 rubbk 
700 1 |a Новоселов  |b А. С.  |g Александр Сергеевич 
702 1 |a Кулешов  |b В. В.  |4 340 
712 0 2 |a Российская академия наук (РАН)  |b Сибирское отделение (СО)  |b Институт экономики и организации промышленного производства (ИЭОПП)  |c (Новосибирск)  |2 stltpush  |3 (RuTPU)RU\TPU\col\1303 
801 1 |a RU  |b 63413507  |c 20060221  |g PSBO 
801 2 |a RU  |b 63413507  |c 20210422  |g PSBO 
942 |c BK 
959 |a 17/20060217  |d 2  |e 105  |f АНЛ:1  |f ЧЗГЛ:1